000 00501nam a2200181Ia 4500
999 _c29167
_d29167
003 OSt
005 20201214134523.0
008 190216s9999||||xx |||||||||||||| ||und||
020 _a9788122604061
040 _coclc
082 _a894.8121
_bTHA/M
100 _aThampi, Anitha
_97467
245 0 _aMuttamadikumbol /
_cAnitha Thampi
260 _bCurrent Books,
_aTrissur:
_c2004.
300 _a63p
650 _aKavitha
942 _cBK
_2ddc
_h894.8121
_iTHA/M
_k894.8121
_mTHA/M